| 000 | 01298nam a2200337 a 4500 | ||
|---|---|---|---|
| 001 | 000109420 | ||
| 003 | CHAP | ||
| 005 | 20220329144050.0 | ||
| 008 | 140425s2013 mx a sm |||||||spa d | ||
| 010 | _a105882 | ||
| 011 | _a106854 | ||
| 040 | _cCHAP | ||
| 090 | _aTesis | ||
| 100 | 1 |
_aRodríguez Cabrera, Cervando _9126633 |
|
| 245 | 1 | 0 |
_aControl quimico del psilido (Bactericera cockerelli Sulc.) en el cultivo de la papa (Solanum tuberosum L.) en Juchitepec, estado de México _h[En línea] _cpor Cervando Rodríguez Cabrera. |
| 260 |
_aChapingo, Méx. : _bEl autor, _c2013. |
||
| 500 | _aPara ver el contenido del material haga clic en la liga | ||
| 502 | _aTesis (Ing. Agr. Esp. en Parasitología Agrícola) -- UACH. Departamento de Parasitología Agrícola | ||
| 590 |
_aBATCH-UPD _b05 _c20141002 _lUCH01 _h0902 |
||
| 590 |
_aE5652GLJ _b05 _c20140425 _lUCH01 _h1427 |
||
| 590 |
_aE5652GLJ _b05 _c20140425 _lUCH01 _h1427 |
||
| 590 |
_aE5652GLJ _b05 _c20140425 _lUCH01 _h1440 |
||
| 650 | 1 | 4 |
_aInsecticidas _xAplicación. _958857 |
| 650 | 1 | 4 |
_aPapa _xPlagas _xControl. _985271 |
| 650 | 1 | 4 |
_aParatrioza cockerelli. _985482 |
| 650 | 1 | 4 |
_aSolanum tuberosum. _9108367 |
| 856 |
_aFinding aid _uhttp://10.13.5.2/tesis/sist109420.pdf _zTeclea aquí |
||
| 901 | _aBK | ||
| 942 | _cTESIS | ||
| 942 | _n0 | ||
| 999 |
_c105882 _d105882 |
||